000 01176cam a22003017a 4500
003 CHAP
005 20220329141456.0
008 971013s1987 r 00010 d
010 _a68764
011 _a69736
035 _a79214
040 _cCHAP
100 0 0 _aMartínez Tenorio, Santos.
_972551
245 1 3 _aLe processus de regression de l'economie paysanne au Mexique et la crise du system agraire de la Haute Mixteca
260 _aParis :
_bL'auteur,
_c1987
300 _a268 h.
_b: ilus.
500 _aThese (Doctort de 3 eme cycle de Socio-Economie du Developpement, option Developpement Agricole) -- Université du Paris I. Phantheon Sorbonne U.E.R. " Institut d' Etudes du Developpment Economique et social
590 _aBATCH-UPD
_b10
_c20130110
_lUCH01
_h1146
590 _aBATCH-UPD
_b10
_c20130410
_lUCH01
_h0731
590 _aBATCH-UPD
_b10
_c20130914
_lUCH01
_h0049
590 _aCONVERSION
_b10
_c20130109
_lUCH01
_h1338
650 1 4 _aAgricultura
_xAspectos economicos
_zMexico.
_91312
650 1 4 _aAgricultura
_xHuastecas.
_91540
650 1 4 _aAgricultura
_xOaxaca.
_91756
901 _aBK
942 _cTESIS
949 _bBC
_cTES
_d-32097
_eTS1
_h21390
_i79214
_si
999 _c68764
_d68764